Normal view MARC view
  • M. Morris Mano

Entry Personal Name

Number of records used in: 10

001 - CONTROL NUMBER

  • control field: 2910

003 - CONTROL NUMBER IDENTIFIER

  • control field: NUST

005 - DATE AND TIME OF LATEST TRANSACTION

  • control field: 20170620121817.0

008 - FIXED-LENGTH DATA ELEMENTS

  • fixed length control field: 170620|| aca||aabn | a|a d

040 ## - CATALOGING SOURCE

  • Original cataloging agency: NUST
  • Transcribing agency: NUST

100 ## - HEADING--PERSONAL NAME

  • Personal name: M. Morris Mano

670 ## - SOURCE DATA FOUND

  • Source citation: Work cat.: (NUST)23106: M. Morris Mano, Digital Design , c2004.
© 2023 Central Library, National University of Sciences and Technology. All Rights Reserved.